000 00772nam a2200193 a 4500
008 120416s1980 ||||||||||||||||| || u
020 _a0471998286
050 _aHD 31 Bil
100 _aBilyea, Cliff G
245 1 4 _aThe Canadian manager
246 _aeffectiveness in action
260 _aToronto
_bJohn Wiley and Sons
_c1980
300 _axi, 259p. : ill
350 _a0.00
650 0 _aMANAGEMENT
650 _aMANAGERIAL EFFECTIVENESS--CANADA
995 _aMAIN LIBRARY OPEN ACCESS
_D0.00
_e726779
_FCBU-MAIN LIBRARY (Kitwe)
_H2
_I10.00
_jHD 31 Bil
_M1
_UAVAILABLE
_y000317
_ZMain Library Open Access Collection
995 _aMAIN LIBRARY OPEN ACCESS
_D0.00
_e726780
_FCBU-MAIN LIBRARY (Kitwe)
_H1
_I10.00
_jHD 31 Bil
_M2
_UAVAILABLE
_y000318
_ZMain Library Open Access Collection
999 _c78020
_d78020